000 00351nam a22001457a 4500
008 230414b ||||| |||| 00| 0 eng d
020 _a9780307886057
041 _aeng
080 _a621
082 _a621HOF
100 _a19
101 _aMEKATR
245 _aALAN MULALLY AND THE FIGHT TO SAVE FORD M OTOR COMPANY
_cHOFFMAN.G.B
942 _2udc
_cBK
999 _c59540
_d59540